000 00917nam a2200289Ia 4500
003 IIN
005 20250505112028.0
008 231217s9999 xx 000 0 und d
020 _cRs.2795.00
_a9788131262917
040 _aIIN
_bEnglish
082 _a610.73677
_bHAR
100 _aHarding, Mariann M.
245 1 _aLewis's Medical-Surgical Nursing:
_bassessment and management of clinical problems/
_cMariann M. Harding...[et al]
250 _a4th South Asia ed
_bAdapted Edited by- Chintamani...[et al]
260 _bElsevier
_aNew Delhi
_c2022
300 _axxv, 842p. / V.1
_bcol. ill.
500 _aIncludes Index
650 1 _aMedical Surgical
_vNursing
700 1 _aKwong, Jeffrey
700 1 _aHagler, Debra
700 1 _aRoberts, Dottie
700 1 _aReinisch, Courtney
700 1 _aChintamani, M S (ed.)
700 1 _aGopichandran, L (ed.)
700 1 _aMrinalini, Mani (ed.)
942 _cBOOK
999 _c1534
_d1534